[Event "LES BETISES DE CAMBRAI - 2024"]
[Site "CAMBRAI, 1 rue du Temple"]
[Date "2024.07.03"]
[Round "9.5"]
[Board "5"]
[White "Muetsch, Annmarie"]
[Black "Lucas, Arthur"]
[Result "0-1"]
[WhiteElo "2290"]
[BlackElo "2323"]
[PlyCount "148"]
[EventDate "2024.??.??"]
[WhiteTeam "Vandoeuvre-Echecs"]
[BlackTeam "L'Echiquier Châlonnais"]

1. e4 c5 2. Nc3 Nc6 3. Bb5 Nd4 4. Nf3 a6 5. Bd3 e6 6. O-O Nc6 7. b3 g6 8. Bb2 Bg7 9. Re1 d6 10. Bf1 Nge7 11. a3 O-O 12. b4 cxb4 13. axb4 Nxb4 14. e5 dxe5 15. Nxe5 Nec6 16. Nxc6 Nxc6 17. Rb1 b5 18. Ne4 e5 19. Ba3 Re8 20. c3 Be6 21. Nd6 Bf8 22. Nxe8 Bxa3 23. d4 Bf5 24. Bd3 Bxd3 25. Qxd3 Qxe8 26. f4 f6 27. fxe5 fxe5 28. dxe5 Qe6 29. Rbd1 Rd8 30. Qh3 Qxh3 31. Rxd8+ Nxd8 32. gxh3 Kf7 33. Ra1 Bb2 34. Rxa6 Bxc3 35. Ra7+ Ke6 36. Kf1 Bxe5 37. Rxh7 Nf7 38. Rh4 Bxh2 39. Rg4 Kf5 40. Rb4 Nd6 41. Ke2 Bg1 42. Rb3 Bc5 43. Rf3+ Ke5 44. Rg3 Kf6 45. Kd3 b4 46. Rf3+ Nf5 47. Kc4 Be7 48. Rf1 Ke5 49. Kd3 Bd6 50. Rg1 Kf6 51. Ke4 Be5 52. Rb1 Bc3 53. Kd3 Kg5 54. Rg1+ Kh5 55. Rg2 Ng7 56. Re2 Nf5 57. Rg2 Bf6 58. Rg4 b3 59. Rb4 b2 60. Ke2 Nd4+ 61. Kd3 Nf3 62. Kc2 g5 63. Rb6 Kg6 64. Rb4 Kf5 65. Rb6 Be5 66. Rb4 Nd4+ 67. Kd1 Ne6 68. Kc2 Nf4 69. Rb3 Ke4 70. Rg3 Bf6 71. Ra3 Nd5 72. Rg3 Ne3+ 73. Kb1 Nf1 74. Rg2 Kd3 0-1